Les poètes français les plus célèbres - Statistiques

Statistiques générales
  • Ce quiz a été pris 204 fois
  • Le résultat moyen est 8 sur 21
Statistiques - réponses
Poème Poète % Correct
Demain dès l'aube Victor Hugo
87%
La cigale et la fourmi Jean de la Fontaine
84%
Le bateau ivre Arthur Rimbaud
79%
A une passante Charles Baudelaire
75%
Chanson d'automne Paul Verlaine
68%
Le pont Mirabeau Guillaume Apollinaire
61%
Les yeux d'Elsa Louis Aragon
53%
Ode à Cassandre Pierre de Ronsard
53%
Barbara Jacques Prévert
44%
Heureux qui comme Ulysse Joachim Du Bellay
44%
La courbe de tes yeux Paul Éluard
39%
Supplique pour être enterré sur la plage de Sète George Brassens
38%
Le Vallon Alphonse Lamartine
29%
Balade des dames du temps jadis François Villon
26%
Stances à la marquise du parc Pierre Corneille
14%
A deux beaux yeux Théophile Gautier
10%
Les satires Nicolas Boileau
8%
A Cannes cet été Boris Vian
6%
La ronde autour du Monde Paul Fort
4%
L'imagination Jacques Delille
1%
L'Escoufle Jean Renart
1%
Aucun quiz correspondant
Distribution des résultats
% des personnes avec chaque résultat
Percentile par nombre de réponses
Votre historique - résultats
Vous n’avez pas pris ce quiz